000 00534nam a2200169Ia 4500
003 IN-BaIIA
008 211028s9999 xx 000 0 eng d
040 _cIIA Library
080 _a550.34
_bMER
110 _aObservatoire royal de Belgique
_9791
245 0 _aLisbe des observatoiris magnetiques ed des observatoiris sesimologiques
_cObs. Roy. Belgique
260 _aBruxells
_bObservatoire Royal De Belgeique
_c1910
300 _a192p.
650 _aAstronomy and Astrophysics Thesaurus
650 _aObservatories
_9792
942 _cBK
999 _c368
_d368